000 00349nam a2200133Ia 4500
008 231129s9999||||xx |||||||||||||| ||spa||
020 _a958-30-0038-8
040 _bspa
082 _a796.83 P434b
100 _aPerea Rosero Tucidides
245 0 _aBoxeo aficionado
264 _aPanamericana
942 _2ddc
_cBKS
999 _c1106
_d1106